000 00460nam a22001697a 4500
005 20231117103644.0
008 231117b |||||||| |||| 00| 0 eng d
041 _aEnglish
082 _a343.4 VAT
100 _aVan Niekerk, J
_lEnglish
245 _aVAT in Namibia /
_cJ Van Niekerk
250 _aSecond Edition
260 _c2005
300 _b233 pages ;
_c22 cm.
650 _aLegal practice
_bLaw
942 _cBK
_6ALISON_BN_VRIES
999 _c764
_d764